Văn chương và người thưởng thức : Tiểu luận và tạp bút /

সংরক্ষণ করুন:
গ্রন্থ-পঞ্জীর বিবরন
প্রধান লেখক: Ngô Văn Phú
বিন্যাস: Sách giấy
ভাষা:Vietnamese
প্রকাশিত: H. : Hội Nhà văn, 2000
বিষয়গুলি:
ট্যাগগুলো: ট্যাগ যুক্ত করুন
কোনো ট্যাগ নেই, প্রথমজন হিসাবে ট্যাগ করুন!
Thư viện lưu trữ: Thư viện Trường Đại học Đà Lạt
LEADER 00748nam a2200289 4500
001 DLU020015051
005 ##20000726
020 # # |a 978- 
041 # # |a vie 
082 # # |a 895.922 09  |b NG-P 
100 # # |a Ngô Văn Phú 
245 # # |a Văn chương và người thưởng thức :  |b Tiểu luận và tạp bút /  |c Ngô Văn Phú 
260 # # |a H. :  |b Hội Nhà văn,  |c 2000 
300 # # |a 623 tr.;  |c 19 cm 
653 # # |a Chân dung văn học 
653 # # |a Nghệ thuật thơ 
653 # # |a Nghiên cứu văn học 
653 # # |a Tiểu luận văn học 
992 # # |a 46000 
994 # # |a DLU 
900 # # |a False 
911 # # |a Administrator 
925 # # |a G 
926 # # |a A 
927 # # |a SH 
980 # # |a Thư viện Trường Đại học Đà Lạt